000
00490nam a2200169Ia 4500
008
090711s9999 xx 000 0 und d
082
_b
73327
100
_a
धुळे प्रकाश
245
_a
शब्द सावल्या
260
_c
1994
300
_a
51
600
_a
धुळे प्रकाश
630
_a
शब्द सावल्या
700
_a
धुळे प्रकाश
730
_a
शब्द सावल्या
942
_c
BOOK
999
_c
292477
_d
292477